Catálogo

Vivienda y sostenibilidad en España. (Registro nro. 31469)

Detalles MARC
000 -LEADER
fixed length control field 01371cam a2200349 i 4500
001 - CONTROL NUMBER
control field 31469
003 - CONTROL NUMBER IDENTIFIER
control field Mx-PuUPA
005 - DATE AND TIME OF LATEST TRANSACTION
control field 20250722123807.0
008 - FIXED-LENGTH DATA ELEMENTS--GENERAL INFORMATION
fixed length control field 140415s2007 sp ae gr 001 0 spa d
017 ## - COPYRIGHT OR LEGAL DEPOSIT NUMBER
Copyright or legal deposit number B. 22.500-2006
020 ## - INTERNATIONAL STANDARD BOOK NUMBER
International Standard Book Number 9788425221040
040 ## - CATALOGING SOURCE
Transcribing agency Mx-PuUPA
Original cataloging agency Mx-PuUPA
Language of cataloging spa
Modifying agency Mx-PuUPA
Description conventions rda
041 1# - LANGUAGE CODE
Language code of text/sound track or separate title spa
Language code of original cat
043 ## - GEOGRAPHIC AREA CODE
Geographic area code e-sp---
100 1# - MAIN ENTRY--PERSONAL NAME
Personal name Solanas, Toni,
9 (RLIN) 17237
Relator term autor
245 10 - TITLE STATEMENT
Title Vivienda y sostenibilidad en España.
Number of part/section of a work Vol. 1,
Name of part/section of a work Unifamiliar /
Statement of responsibility, etc. Toni Solanas ; edición, Marta Rojals ; traducción del catalán, Glòria Bohigas
264 #1 - PRODUCTION, PUBLICATION, DISTRIBUTION, MANUFACTURE, AND COPYRIGHT NOTICE
Place of production, publication, distribution, manufacture Barcelona, España :
Name of producer, publisher, distributor, manufacturer Editorial Gustavo Gili,
Date of production, publication, distribution, manufacture, or copyright notice ©2007
300 ## - PHYSICAL DESCRIPTION
Extent 215 páginas :
Other physical details ilustraciones, planos (principalmente a color) ;
Dimensions 30 cm
336 ## - CONTENT TYPE
Fuente rdacontent
Content type term texto
Content type code txt
337 ## - MEDIA TYPE
Source rdamedia
Media type term sin medio
Media type code n
338 ## - CARRIER TYPE
Source rdacarrier
Carrier type term volumen
Carrier type code nc
490 0# - SERIES STATEMENT
Series statement Vivienda y sostenibilidad en España ;
Volume/sequential designation 1
650 #7 - SUBJECT ADDED ENTRY--TOPICAL TERM
Source of heading or term armarc
Topical term or geographic name entry element Arquitectura
General subdivision Aspectos Ambientales
Geographic subdivision España
650 #7 - SUBJECT ADDED ENTRY--TOPICAL TERM
Source of heading or term armarc
Topical term or geographic name entry element Arquitectura sostenible
Geographic subdivision España
650 #7 - SUBJECT ADDED ENTRY--TOPICAL TERM
Source of heading or term armarc
Topical term or geographic name entry element Arquitectura doméstica
Geographic subdivision España
General subdivision Diseños y planos
700 1# - ADDED ENTRY--PERSONAL NAME
Personal name Rojals, Marta,
Relator term editor
700 1# - ADDED ENTRY--PERSONAL NAME
Personal name Bohigas, Glòria,
Relator term traductor
942 ## - ADDED ENTRY ELEMENTS (KOHA)
Source of classification or shelving scheme Dewey Decimal Classification
Koha item type Libro
Classification part 720.470946
Item part S6818
Existencias
Withdrawn status Lost status Source of classification or shelving scheme Damaged status Not for loan Collection code Home library Current library Shelving location Date acquired Source of acquisition Cost, normal purchase price Serial Enumeration / chronology Total Checkouts Full call number Barcode Date last seen Cost, replacement price Price effective from Koha item type
    Dewey Decimal Classification     General Biblioteca Karol Wojtyla Biblioteca Karol Wojtyla Sala general 03/12/2013 Donación 0.00 v.1   720.470946 S6818 2007 45283 05/01/2026 0.00 03/12/2013 Libro